Statics : Analysis And Design Of Systems In Equilibrium(Usd 161.90) (Record no. 4865)
[ view plain ]
| 000 -LEADER | |
|---|---|
| fixed length control field | 00305nam a2200109Ia 4500 |
| 008 - FIXED-LENGTH DATA ELEMENTS--GENERAL INFORMATION | |
| fixed length control field | 200302s9999 xx 000 0 und d |
| 100 ## - MAIN ENTRY--PERSONAL NAME | |
| Personal name | Sheri D.Sheppard |
| 245 ## - TITLE STATEMENT | |
| Title | Statics : Analysis And Design Of Systems In Equilibrium(Usd 161.90) |
| 260 ## - PUBLICATION, DISTRIBUTION, ETC. | |
| Name of publisher, distributor, etc. | Wiley Academy, Britain |
| 260 ## - PUBLICATION, DISTRIBUTION, ETC. | |
| Date of publication, distribution, etc. | 2005 |
| 300 ## - PHYSICAL DESCRIPTION | |
| Extent | 636 P |
| Withdrawn status | Lost status | Damaged status | Not for loan | Permanent Location | Current Location | Date acquired | Cost, normal purchase price | Full call number | Barcode | Date last seen | Price effective from | Koha item type |
|---|---|---|---|---|---|---|---|---|---|---|---|---|
| BMS College of Architecture, Design and Planning | BMS College of Architecture, Design and Planning | 2020-03-03 | 3995.00 | 531.12 | CL-UG69858 | 2020-03-03 | 2020-03-03 | UG Books from CL |